स्पन्दन : (Record no. 112963)

MARC details
000 -LEADER
fixed length control field 01140nam a22002777a 4500
003 - CONTROL NUMBER IDENTIFIER
control field dpl
005 - DATE AND TIME OF LATEST TRANSACTION
control field 20190209114403.0
008 - FIXED-LENGTH DATA ELEMENTS--GENERAL INFORMATION
fixed length control field 190209b ||||| |||| 00| 0 eng d
010 ## - LIBRARY OF CONGRESS CONTROL NUMBER
LC control number B-049806
020 ## - INTERNATIONAL STANDARD BOOK NUMBER
Terms of availability 100.00
International Standard Book Number 8186185151
035 ## - SYSTEM CONTROL NUMBER
System control number B-049806, B-049810
037 ## - SOURCE OF ACQUISITION
Source of stock number/acquisition Cen Lib/Ret
040 ## - CATALOGING SOURCE
Original cataloging agency DPL
Language of cataloging HN
Transcribing agency 0
082 ## - DEWEY DECIMAL CLASSIFICATION NUMBER
Classification number 821
Item number अरोड़ा
100 ## - MAIN ENTRY--PERSONAL NAME
Personal name अरोड़ा, प्रीतम
9 (RLIN) 49960
245 ## - TITLE STATEMENT
Title स्पन्दन :
Statement of responsibility, etc प्रीतम अरोड़ा
Remainder of title कविता संग्रह /
246 ## - VARYING FORM OF TITLE
Title proper/short title Sapandan : kavita sangarah /
Remainder of title by Preetam Aroda
260 ## - PUBLICATION, DISTRIBUTION, ETC. (IMPRINT)
Place of publication, distribution, etc नयी दिल्ली
Name of publisher, distributor, etc दिव शक्ति प्रकाशन
Date of publication, distribution, etc 2001
270 ## - ADDRESS
Address बी-२५, गुलमोहर पार्क
City नयी दिल्ली
Postal code 110046
300 ## - PHYSICAL DESCRIPTION
Extent 80पृ.
Dimensions 19सेमी(सजिल्द )
650 ## - SUBJECT ADDED ENTRY--TOPICAL TERM
Topical term or geographic name as entry element हिंदी साहित्य
General subdivision
Geographic subdivision
9 (RLIN) 49961
650 ## - SUBJECT ADDED ENTRY--TOPICAL TERM
Topical term or geographic name as entry element हिंदी काव्य
9 (RLIN) 49962
650 ## - SUBJECT ADDED ENTRY--TOPICAL TERM
Topical term or geographic name as entry element Hindi literature
9 (RLIN) 49963
650 ## - SUBJECT ADDED ENTRY--TOPICAL TERM
Topical term or geographic name as entry element Hindi poetry
9 (RLIN) 49964
942 ## - ADDED ENTRY ELEMENTS (KOHA)
Source of classification or shelving scheme Dewey Decimal Classification
Koha item type Hindi Books
Classification part 821
Call number suffix अरोड़ा
Holdings
Withdrawn status Lost status Damaged status Not for loan Home library Current library Date acquired Source of acquisition Cost, normal purchase price Total Checkouts Full call number Barcode Date last seen Copy number Cost, replacement price Price effective from Koha item type Source of classification or shelving scheme Collection code
        Central Library Central Library 11/08/2015 Cen Lib/Ret 100.00   821 अरोड़ा B-049806 11/08/2015 1 100.00 11/08/2015 Hindi Books    
        Shahdara Branch Shahdara Branch 09/02/2019 BPPD/PUB 100.00   821 अरोड़ा B-049810 09/02/2019   100.00 09/02/2019 Hindi Books Dewey Decimal Classification Non-fiction

© Delhi Public Library
Hit Counter
free hit counter